| 000 | 00890nas a2200277 4500 | ||
|---|---|---|---|
| 001 | BR0205519 | ||
| 003 | BR-BrBNA | ||
| 005 | 20231205103351.0 | ||
| 007 | ta | ||
| 008 | 230509b bl.|||p| |||| 00| 00por d | ||
| 040 |
_aBR-BrBNA _bpor _cBiblioteca Nacional de Agricultura |
||
| 041 | _a(Pt) | ||
| 072 | _aH10 | ||
| 100 | 1 | _aMonteiro, L.B. | |
| 245 | 1 | _aManejo integrado de pragas em macieira no Rio Grande do Sul; 2: uso de Neoseiulus californicus para o controle de Panonychus ulmi | |
| 650 | _aMAÇÃ | ||
| 650 | _aÁCARO VERMELHO | ||
| 650 | _aACARICIDA | ||
| 650 | _aCONTROLE BIOLÓGICO | ||
| 650 | _aPRAGA DE PLANTA | ||
| 650 | _aMOSCA DAS FRUTAS | ||
| 650 | _aRIO GRANDE DO SUL | ||
| 773 | 0 |
_tRevista Brasileira de Fruticultura (Brazil) _xISSN 0100-2945 _g(Aug 2002), v. 24(2) p. 389-394 _wBR0205519 |
|
| 909 |
_a202311 _bLúcia _c55 _dLúcia Elande |
||
| 942 |
_2AGRIS _n0 _cANA |
||
| 999 |
_c172484 _d172484 |
||